Normal view
MARC view
Entry Personal Name
001 - CONTROL NUMBER
- control field: 68428
003 - CONTROL NUMBER IDENTIFIER
- control field: dpl
005 - DATE AND TIME OF LATEST TRANSACTION
- control field: 20240712125911.0
008 - FIXED-LENGTH DATA ELEMENTS
- fixed length control field: 240712|| aca||aabn | a|a d
040 ## - CATALOGING SOURCE
- Original cataloging agency: dpl
- Transcribing agency: dpl
100 ## - HEADING--PERSONAL NAME
- Personal name: जलंधरी, बिहारीलाल
670 ## - SOURCE DATA FOUND
- Source citation: Work cat.: (dpl)203866: जलंधरी, बिहारीलाल , मोक्षदान की एक मुठ्ठ मिट्टी/, 2024
